000 00844nam a2200229Ia 4500
001 9275
003 GE_BSU
008 181216s||||||||xx |||||||||||||| ||und||
040 _cGE_BSU
080 _a821.353.1-92+821.353.1-4
100 _aლორთქიფანიძე,კონსტანტინე;მოსულაშვილი,ილო
245 _aჩვენ ვნახეთ ისინი
245 _bწერილები და ნარკვევები
245 _cრედ:ი.აბაშიძე
260 _aთბილისი.
260 _bსაბჭ.მწერალი.
260 _c1943.
300 _a68გვ;20სმ.
653 _aჩვენ ვნახეთ ისინი
653 _aწერილები და ნარკვევები
942 _cBK
999 _c42574
_d42574